Scheduling and simulation

Simulácia a rozvrhovanie - osvedčené techniky v operačnom výskume a v priemyselnej výrobe. Kde môžeme použiť simuláciu. Základné ciele použitia metód modelovania a simulácie v procese rozvrhovania. Simulačné programy vo výrobnom rozvrhovaní. Simulačné techniky v rozvrhovaní.

Guardado en:
Detalles Bibliográficos
Autor principal: Patakyová, Jana
Formato: Capítulo de libro
Lenguaje:eslovaco
Materias:
Etiquetas: Agregar Etiqueta
Sin Etiquetas, Sea el primero en etiquetar este registro!

MARC

LEADER 00000nla$a2200000$$$4500
001 0114403
005 20240502072256.9
041 0 |a slo 
044 |a SK 
245 1 0 |a Scheduling and simulation  |c Jana Patakyová 
520 |a Simulácia a rozvrhovanie - osvedčené techniky v operačnom výskume a v priemyselnej výrobe. Kde môžeme použiť simuláciu. Základné ciele použitia metód modelovania a simulácie v procese rozvrhovania. Simulačné programy vo výrobnom rozvrhovaní. Simulačné techniky v rozvrhovaní. 
610 2 0 |a simulácia 
610 2 0 |a rozvrhovanie výroby 
610 2 0 |a výroba 
610 2 0 |a modely 
610 2 0 |a analýzy 
610 2 0 |a výskum operačný 
100 1 |a Patakyová, Jana